Responses for show #5433 - Wednesday, April 2, 2008

Contestants

Bill Moore, a national security consultant from Arlington, Virginia

Jean Oswald, an adjunct English professor from Hillsboro, Tennessee

Bryan Johnson, a teacher and doctoral student from Los Angeles, California (whose 3-day cash winnings total $68,803)

Jeopardy! Round responses

MONOPOLY
SHORT LINE
PARK PLACE
(Alex: We'll give you the state park name. You identify the state where it's located.)
THE ELECTRIC COMPANY
WATER WORKS
"B" & "O"
    $200 3
the BBC

Bill
    $200 26
Ghost

Bryan
    $200 17
Texas

Jean
    $200 13
(Bill: What is the United States?)

Great Britain

JeanBill
    $200 8
Last of the Mohicans

Bryan
    $200 1
Barack Obama

Jean
    $400 4
Robert Fulton

Triple Stumper
    $400 27
(Alex: [*] in Casablanca.)

Rick

Bill
    $400 18
California

Jean
    $400 14
New York City

Jean
    $400 9
Elephants

Jean
    $400 2
box office

Bill
    $600 5
Gandhi

Bryan
    $600 28
(Bill: What is Bridge of the River Kwai?)

The Bridge on the River Kwai

Bill
Triple Stumper
    $600 19
Florida

Bryan
    $600 15
[Alex reads "DJIA" as "Dow Jones Industrial Average".]
(Jean: What is Con Ed?)

General Electric (or G.E.)

Jean
    $600 10
the Congo

Bill
    $600 16
Baltimore Orioles

Bill
    $800 6
silk

Bryan
    $800 29
(Bryan: What is...
[imitates Wallace Shawn] [*]!)
(Alex: Close enough!)

inconceivable

Bryan
    $800 20
(Bryan: What is Tennessee?)
(Jean: What is Maryland?)

Kentucky

BryanJean
Triple Stumper
    $800 24
North Carolina

Bill
    $800 11
Finnegans Wake

Bill
    $800 22
black olives

Bill
    $1000 7
the Sherman Antitrust Act

Bill
    $1000 30
Tootsie

Jean
    $1000 21
(Bill: What is Georgia?)

Arkansas

Bill
Triple Stumper
    $1000 25
Edison

Bryan
    $1000 12
Stephen Crane

Jean
    $1000 23
a burnt offering

Jean

Scores at the first commercial break (after clue 15):

Bryan Jean Bill
$1,600 $1,600 $2,800

Scores at the end of the Jeopardy! Round:

Bryan Jean Bill
$3,400 $3,400 $3,800

Double Jeopardy! Round responses

IT HAPPENED ON APRIL 2
SCRAMBLED COUNTRY SINGERS
(Alex: You unscramble them.)
WHAT A GEM!
"D"RINKS
YO, DOG!
WORDS WITH 5 VOWELS
    $400 6
Richmond

Bryan
    $400 28
Dolly Parton

Bill
    $400 11
turquoise

Jean
    $400 1
a daiquiri

Bill
    $400 16
a golden retriever (or retriever)

Jean
    $400 21
evacuate

Bryan
    $800 7
Woodrow Wilson

Bill
    $800 29
Willie Nelson

Bryan
    $800 12
cat's eye

Bryan
    $800 2
Dom PĂ©rignon

Bryan
    $800 17
a Saint Bernard

Bill
    $800 22
an equation

Bill
    $1200 8
Napoleon

Bill
    $1200 30
Keith Urban

Bill
    $1,000 13
(Bryan: What is a citrus?)

citrine

Bryan
    $1200 3
(Jean: What is an aperitif?)

a digestif

JeanBill
    $1200 18
(Jean: What is toy?)

a Pomeranian

JeanBill
    $3,000 23
euphoria

Bill
    $1600 9
Haile Selassie

Bryan
    $1600 27
Billy Ray Cyrus

Bill
    $1600 14
a sapphire

Bryan
    $1600 4
Dubonnet

Triple Stumper
    $1600 19
a Dalmatian

Bill
    $1600 24
oratorios

Triple Stumper
    $2000 10
Constantinople

Bryan
    $2000 26
Patsy Cline

Jean
    $2000 15
the topaz

Triple Stumper
    $2000 5
Drambuie

Bill
    $2000 20
(Alex: And don't say "ugly"! That's an [*].)

Affenpinscher

Triple Stumper
    $2000 25
a laureate

Jean

Scores at the end of the Double Jeopardy! Round:

Bryan Jean Bill
$10,800 $5,800 $20,000

[wagering suggestions for these scores]

Final Jeopardy! Round responses

EUROPEAN RIVERS
(Alex: ...and the two rivers meet
at the city of Mainz.)
JeanWhat are the Rhine + the Rhone?
$5,799
BryanWhat are Rhine + Rhone?
$1,002
BillWhat are the Rhine and Rhone
$1,601
the Rhine & the Main

Final scores:

Bryan Jean Bill
$9,798 $1 $18,399
2nd place: $2,000 3rd place: $1,000 New champion: $18,399

Game dynamics:

Coryat scores:

Bryan Jean Bill
$11,800 $6,400 $18,200
15 R,
2 W
(including 1 DD)
13 R,
4 W
(including 1 DD)
22 R
(including 1 DD),
3 W

Combined Coryat: $36,400

The J! Archive is created by fans, for fans. The Jeopardy! game show and all elements thereof, including but not limited to copyright and trademark thereto, are the property of Jeopardy Productions, Inc. and are protected under law. This website is not affiliated with, sponsored by, or operated by Jeopardy Productions, Inc. Join the discussion at JBoard.tv.